Losowe powiaty Polski na pustej mapie - Statystyki

Ogólne statystyki
  • Ten quiz został rozwiązany 2 085 razy
  • Średni wynik to 24 z 50
Odpowiedzi na mapie
Odpowiedzi zakodowano w zielono-czerwonej skali na mapie do tego quizu, zgodnie z poniższymi procentami.
 
Statystyki odpowiedzi
Powiat % Poprawnych
słupski
85%
miasto {Słupsk}
81%
kielecki
80%
koszaliński
79%
miasto {Białystok}
79%
poznański
79%
miasto {Gdańsk}
78%
pucki
78%
bydgoski
77%
toruński
77%
miasto {Kraków}
76%
białostocki
75%
miasto {Olsztyn}
75%
miasto {Tarnów}
75%
płocki
75%
radomski
75%
miasto {Gdynia}
74%
miasto {Nowy Sącz}
73%
olsztyński
73%
przemyski
73%
suwalski
73%
miasto {Koszalin}
72%
miasto {Sopot}
72%
elbląski
71%
miasto {Szczecin}
71%
nowosądecki
71%
bialski
70%
gdański
70%
krośnieński
70%
miasto {Lublin}
70%
miasto {Przemyśl}
70%
siedlecki
70%
bieszczadzki
69%
częstochowski
69%
gorzowski
69%
miasto {Elbląg}
69%
miasto {Łomża}
69%
miasto {Suwałki}
69%
tarnowski
69%
kłodzki
68%
łomżynski
68%
miasto {Konin}
68%
miasto {Zamość}
68%
piotrkowski
68%
miasto {Chełm}
67%
zgorzelecki
67%
chełmski
66%
karkonoski
66%
miasto {Katowice}
66%
miasto {Płock}
66%
miasto {Świnoujście}
66%
rzeszowski
66%
lubelski
65%
miasto {Gorzów}
65%
miasto {Łódź}
65%
miasto {Rzeszów}
65%
koniński
64%
krakowski
64%
nowodworski
64%
wejherowski
64%
miasto {Biała Podlaska}
63%
miasto {Kielce}
63%
miasto {Poznań}
63%
policki
63%
hajnowski
62%
miasto {Opole}
62%
miasto {Ostrołęka}
62%
miasto {Radom}
62%
zamojski
62%
kołobrzeski
61%
legnicki
61%
leszczyński
61%
miasto {Krosno}
61%
miasto {Toruń}
61%
opolski
61%
tatrzański
61%
miasto {Bydgoszcz}
60%
miasto {Warszawa}
60%
miasto {Wrocław}
60%
mielecki
60%
skierniewicki
60%
lęborski
59%
leski
59%
gliwicki
58%
nowotarski
58%
nyski
58%
ostrołęcki
58%
sanocki
58%
tczewski
58%
gołdapski
57%
krośnieński
57%
bielski
56%
ełcki
56%
jasielski
56%
kartuski
56%
miasto {Piotrków Trybunalski}
56%
miasto {Wałbrzych}
56%
miasto {Grudziądz}
55%
miasto {Kalisz}
55%
miasto {Legnica}
55%
sokólski
55%
wołomiński
55%
zielonogórski
55%
żywiecki
55%
bartoszycki
54%
bielski
54%
biłgorajski
54%
bytowski
54%
miasto {Gliwice}
54%
miasto {Siedlce}
54%
miasto {Skierniewice}
54%
miasto {Tarnobrzeg}
54%
wałbrzyski
54%
wrocławski
54%
bełchatowski
53%
brzeski
53%
cieszyński
53%
gnieźnieński
53%
miasto {Częstochowa}
53%
miasto {Zabrze}
53%
kętrzyński
52%
lubaczowski
52%
miasto {Chorzów}
52%
miasto {Sosnowiec}
52%
opatowski
52%
ostrowski
52%
płoński
52%
sławieński
52%
jarosławski
51%
kościerski
51%
malborski
51%
miasto {Jelenia Góra}
51%
miasto {Leszno}
51%
miasto {Tychy}
51%
miasto {Włocławek}
51%
opolski
51%
świdnicki
51%
włocławski
51%
augustowski
50%
braniewski
50%
ciechanowski
50%
iławski
50%
inowrocławski
50%
kamieński
50%
lidzbarski
50%
nowodworski
50%
piaseczyński
50%
pilski
50%
proszowicki
50%
pruszkowski
50%
słubicki
50%
stargardzki
50%
hrubieszowski
49%
kaliski
49%
kolbuszowski
49%
miasto {Bielsko-Biała}
49%
miasto {Jastrzębie-Zdrój}
49%
sejneński
49%
starachowicki
49%
wielicki
49%
chojnicki
48%
giżycki
48%
gryficki
48%
jędrzejowski
48%
kolski
48%
kutnowski
48%
myślenicki
48%
ostródzki
48%
ostrowski
48%
radomszczański
48%
starogardzki
48%
kwidzyński
47%
łańcucki
47%
mławski
47%
otwocki
47%
radzyński
47%
sokołowski
47%
tomaszowski
47%
turecki
47%
węgorzewski
47%
żyrardowski
47%
będziński
46%
legionowski
46%
miasto {Ruda Śląska}
46%
miasto {Siemianowice Śląskie}
46%
miński
46%
puławski
46%
głubczycki
45%
gorlicki
45%
grudziądzki
45%
gryfiński
45%
łódzki wschodni
45%
miasto {Zielona Góra}
45%
mrągowski
45%
myśliborski
45%
myszkowski
45%
pabianicki
45%
polkowicki
45%
raciborski
45%
tarnobrzeski
45%
tomaszowski
45%
wałecki
45%
włodawski
45%
żarski
45%
zgierski
45%
złotowski
45%
bolesławiecki
44%
dębicki
44%
głogowski
44%
grodziski
44%
grójecki
44%
limanowski
44%
miasto {Piekary Śląskie}
44%
miasto {Rybnik}
44%
nowosolski
44%
ostrowiecki
44%
pińczowski
44%
pyrzycki
44%
sandomierski
44%
skarżyski
44%
suski
44%
warszawski-zachodni
44%
wysokomazowiecki
44%
zawierciański
44%
bocheński
43%
człuchowski
43%
grajewski
43%
łęczycki
43%
leżajski
43%
łowicki
43%
miasto {Bytom}
43%
miasto {Dąbrowa Górnicza}
43%
przasnyski
43%
pszczyński
43%
pułtuski
43%
wodzisławski
43%
zduńskowolski
43%
brzeski
42%
brzozowski
42%
działdowski
42%
garwoliński
42%
goleniowski
42%
miasto {Żory}
42%
moniecki
42%
olkuski
42%
poddębicki
42%
szczecinecki
42%
wieluński
42%
włoszczowski
42%
wyszkowski
42%
dąbrowski
41%
gostyniński
41%
kraśnicki
41%
lubiński
41%
miechowski
41%
nidzicki
41%
oleski
41%
oleśnicki
41%
rawski
41%
rybnicki
41%
świecki
41%
sztumski
41%
ząbkowicki
41%
zambrowski
41%
jaworski
40%
kluczborski
40%
łosicki
40%
lubartowski
40%
lubliniecki
40%
miasto {Jaworzno}
40%
miasto {Mysłowice}
40%
miasto {Świętochłowice}
40%
oławski
40%
olecki
40%
oświęcimski
40%
przeworski
40%
ropczycko-sędziszowski
40%
świebodziński
40%
szczycieński
40%
wrzesiński
40%
żniński
40%
zwoleński
40%
buski
39%
chełmiński
39%
grodziski
39%
kolneński
39%
krasnostawski
39%
łukowski
39%
makowski
39%
nakielski
39%
namysłowski
39%
piski
39%
radziejowski
39%
sieradzki
39%
sochaczewski
39%
śremski
39%
świdnicki
39%
wadowicki
39%
żagański
39%
dzierżoniowski
38%
golubsko-dobrzyński
38%
kamiennogórski
38%
opoczyński
38%
prudnicki
38%
średzki
38%
tarnogórski
38%
tucholski
38%
złotoryjski
38%
chodzieski
37%
czarnkowsko-trzcianecki
37%
gostyński
37%
janowski
37%
kępiński
37%
lwówecki
37%
ostrzeszowski
37%
średzki
37%
stalowowolski
37%
wołowski
37%
wschowski
37%
aleksandrowski
36%
brodnicki
36%
brzeziński
36%
jarociński
36%
kazimierski
36%
kędzierzyńsko-kozielski
36%
lipnowski
36%
międzyrzecki
36%
niżański
36%
rycki
36%
rypiński
36%
siemiatycki
36%
strzyżowski
36%
świdwiński
36%
węgrowski
36%
żuromiński
36%
białobrzeski
35%
kozienicki
35%
krapkowicki
35%
lipski
35%
nowomiejski
35%
obornicki
35%
strzelecki
35%
strzeliński
35%
sulęciński
35%
bieruńsko-lędziński
34%
chrzanowski
34%
konecki
34%
krotoszyński
34%
milicki
34%
nowotomyski
34%
pajęczański
34%
pleszewski
34%
przysuski
34%
staszowski
34%
szydłowiecki
34%
choszczeński
33%
drawski
33%
klobucki
33%
łaski
33%
międzychodzki
33%
mikołowski
33%
sępoleński
33%
trzebnicki
33%
wąbrzeski
33%
wągrowiecki
33%
wolsztyński
33%
kościański
32%
rawicki
32%
sierpecki
32%
strzelecko-drezdenecki
32%
białogardzki
31%
łobeski
31%
lubański
31%
słupecki
31%
wieruszowski
31%
górowski
30%
mogileński
30%
parczewski
30%
szamotulski
30%
łęczyński
26%
Nie znaleziono quizów pasujących do podanych kryteriów
Rozkład punktacji
Procent ludzi z każdym wynikiem
Percentyl według liczby udzielonych odpowiedzi
Twoja historia wyników
Nie rozwiązałeś tego quizu